header

The earth after us (Record no. 4368)

MARC details
000 -LEADER
fixed length control field 01387nam a2200349Ia 4500
100 1# - MAIN ENTRY--AUTHOR NAME
Personal name Zalasiewicz, J. A.
245 14 - TITLE STATEMENT
Title The earth after us
260 ## - PUBLICATION, DISTRIBUTION, ETC. (IMPRINT)
Place of publication Oxford ;
-- New York :
Name of publisher Oxford University Press,
Year of publication 2008.
300 ## - PHYSICAL DESCRIPTION
Number of Pages xv, 251 p. :
Other physical details ill.
650 #0 - SUBJECT ADDED ENTRY--TOPICAL TERM
Topical Term Biogeomorphology.
Topical Term Historical geology.
Topical Term Paleoanthropology.
Topical Term Extinction (Biology)
Topical Term Nature
700 1# - ADDED ENTRY--PERSONAL NAME
Personal name Freedman, Kim.
856 40 - ELECTRONIC LOCATION AND ACCESS
Uniform Resource Identifier http://site.ebrary.com/lib/rucke/Doc?id=10278913

No items available.

© 2026 Rongo University
Contact us: librarian | system librarian | Rongo university